Afetlerle yoksullaşma: (Kayıt no. 14587)

MARC ayrıntıları
000 -BAŞLIK
Sabit Uzunlukta Kontrol Alanı 00983nam a22002657a 4500
999 ## - SİSTEM KONTROL NUMARALARI (KOHA)
Koha Biblionumber 14587
Koha Biblioitemnumber 14587
003 - KONTROL NUMARASI IDENTIFIER
Denetim Alanı MIRAKIL
005 - SON İŞLEM TARİHİ VE ZAMANI
Denetim Alanı 20211102170021.0
008 - SABİT-BOY VERİ ELEMANLARI - GENEL BİLGİLER
Sabit Uzunlukta Kontrol Alanı 211102b tu ||||| |||| 00| 0 tur d
020 ## - ULUSLARARASI STANDART KİTAP NUMARASI
Uluslararası Standart Kitap Numarası 9786053995760
040 ## - KATALOGLAMA KAYNAK
Orijinal Kataloglama Ajansı TR-AnCHP
Kataloglama Dili tur
Metne Dönüştürmek Ajansı TR-AnCHP
041 ## - DİL KODU
Metin / Ses Parça Veya Ayrı Başlığın Dil Kodu tur
082 ## - DEWEY ONLU SINIFLANDIRMA NUMARASI
Sınıflandırma Numarası 363.349
Ürün Numarası A23 2021
245 ## - BAŞLIK TABLOSU
Başlık Afetlerle yoksullaşma:
Başlığın Kalan Salgınlar, göçler ve eşitsizlikler/
Sorumluluk Tablosu, Vb Derleyen: Murad Tiryakioğlu
246 ## - UNVAN FORM VARYING
Başlık Doğru / Kısa Başlığı Salgınlar, göçler ve eşitsizlikler/
260 ## - YAYIN, DAĞITIM, VB
Yayın, Dağıtım, Vb Yeri İstanbul:
Yayıncı, Dağıtıcı, Vs Adı İstanbul Bilgi Üniversitesi Yayınları,
Yayın, Dağıtım, Vb Tarihi 2021.
300 ## - FİZİKSEL TANIM
Kapsam xxiv, 355 s.:
Diğer Fiziksel Ayrıntıları tbl.;
Boyutlar 22 sm.
490 ## - SERİSİ TABLOSU
Seri Beyanı İstanbul Bilgi Üniversitesi Yayınları;
-- Bilgi ve Toplum;
Hacim / Ardışık Tanımı 687.
-- 15.
504 ## - KAYNAKÇA VB NOT
Kaynakça Vb Notu Kaynakça ve dizin vardır.
650 ## - KONU KATMA GİRİŞ - TOPİKAL DÖNEM
Topikal Süreli Veya Coğrafi Ad Giriş Elemanı Afet yönetimi
Genel Alt Bölümü Riskler
Coğrafi Alt Bölümü Türkiye
650 #0 - KONU KATMA GİRİŞ - TOPİKAL DÖNEM
Topikal Süreli Veya Coğrafi Ad Giriş Elemanı Afetler
Genel Alt Bölümü Yönetim
Coğrafi Alt Bölümü Türkiye
9 (RLIN) 6792
651 ## - KONU KATMA GİRİŞ - COĞRAFİ ADI
Coğrafi İsim Türkiye
Genel Alt Bölümü Doğal afetler
Kronolojik Alt Bölümü Sorunlar
700 ## - KATMA GİRİŞ - KİŞİSEL İSİM
9 (RLIN) 6791
Kişisel Ad Tiryakioğlu, Murad
Relator Terim der.
740 ## - KATMA GİRİŞ - KONTROLSUZ İLGİLİ / ANALİTİK BAŞLIK
Kontrol Edilmeyen / İlgili Analitik Başlıktaki Salgınlar, göçler ve eşitsizlikler/
942 ## - EKLENDİ GİRİŞ ELEMANLARI (KOHA)
Sınıflandırma Veya Raf Düzeni Kaynak Dewey Decimal Classification
Koha Öğesi Türü Kitaplar
Mevcut
Kalıcı Konum Mevcut Konum Edinme Tarihi Toplam Check-Out'Lar Tam Çağrı Numarası Barkod Tarih Son Görülme İtibaren Geçerli Fiyatlar Sigara Kamu Notu Koha Öğesi Türü
CHP Kütüphanesi CHP Kütüphanesi 11/02/2021   363.349 A23 2021 020082 11/02/2021 11/02/2021 Kemal Kılıçdaroğlu bağışıdır. Kitaplar